Statistics for World War II German Tanks by Picture

Click here to take the quiz!

General Stats

  • This quiz has been taken 261 times
  • The average score is 19 of 35

Answer Stats

Answer% Correct
Panzerbefehlswagen (Sd.Kfz. 265)
97%
Panzerjäger Tiger "Elefant"(P) (Sd.Kfz. 184)
88%
Panzerkampfwagen VI "Tiger" Ausf. E (PzKpfw VI Ausf. H)(Sd.Kfz. 182)
88%
Panzerkampfwagen V Panther (Sd.Kfz. 171)
86%
Jagdpanzer 38 "Hetzer" (Sd.Kfz. 138/2)
80%
Panzerkampfwagen VIII "Maus"
80%
Panzerkampfwagen Tiger Ausf. B "Tiger II"/"Königstiger" (Sd.Kfz. 182)
76%
15 cm sIG 33 (Sf) auf Panzerkampfwagen I Ausf B (Sturmpanzer I Bison)
73%
Landkreuzer P. 1000 "Ratte" (OKH Auftrag Nr. 30404)(E-30404/1)
67%
Leichte Feldhaubitze 18/2 auf Fahrgestell Panzerkampfwagen II (Sf.) (Sd.Kfz. 124 "Wespe")
67%
Panzerkampfwagen I (PzKpfw I)
66%
Sturmmörserwagen 606/4 mit 38 cm RW 61 "Sturmtiger"
63%
Panzerkampfwagen II (PzKpfw II)
62%
Panzerkampfwagen IV (PzKpfw IV) (Sd.Kfz. 161)
61%
Panzerjäger Tiger Ausf. B "Jagdtiger" ( Sd.Kfz. 186)
59%
Jagdpanther (Sd.Kfz. 173)
58%
"Nashorn" (Sd.Kfz. 164)
57%
Panzerkampfwagen III (Sd.Kfz. 141)
57%
Flakpanzer IV/3.7cm FlaK "Ostwind"
56%
Sturmgeschütz III (StuG III)
55%
Panzerjäger "Marder II"
51%
Panzerkampfwagen V Panther II (Sd.Kfz. 172)
49%
Panzerkampfwagen VII "Löwe" (VK7201)
45%
Sturmgeschütz IV (StuG IV) (Sd.Kfz. 167)
43%
Flakpanzer IV "Wirbelwind"
42%
Panzerkampfwagen 38(t) (Pz.Kpfw. 38(t))
40%
Panzerjäger I
35%
Panzerkampfwagen 35(t) (Pz.Kpfw. 35(t))
34%
Marder III Ausf. M
33%
Jagdpanzer IV (Sd.Kfz. 162)
32%
Sturmpanzer 43 (Sd.Kfz. 166)
30%
Panzerfeldhaubitze 18M auf Geschützwagen III/IV (Sf) "Hummel" (Sd.Kfz. 165)
29%
Grille Ausf. K
22%
3.7 cm Flak auf Fahrgestell Panzerkampfwagen IV (sf) (Sd.Kfz. 161/3) (Flakpanzer IV) "Möbelwagen"
11%
Sonderkraftfahrzeug 234 (Sd.Kfz. 234)
6%

Score Distribution

Percentile by Number Answered

Percent of People with Each Score

Your Score History

You have not taken this quiz